LEADER 01153cam0 22002773 450 001 SOB021228 005 20231114094013.0 010 $a8813242085 100 $a20040211d2002 |||||ita|0103 ba 101 $aita 102 $aIT 200 1 $a<>procedimenti amministrativi di valutazione comparativa concorrenziale$ela diversificazione delle regole e la tenuta dei principi$fStefano Vinti 210 $aPadova$cCedam$d2002 215 $aVIII, 221 p.$d24 cm 225 2 $aUniversità degli Studi di Roma "La Sapienza"$eDipartimento di Diritto dell'Economia$v6 410 1$1001LAEC00015467$12001 $a*Università degli Studi di Roma "La Sapienza" : Dipartimento di Diritto dell'Economia$v6 700 1$aVinti$b, Stefano$3AF00013185$4070$0313148 801 0$aIT$bUNISOB$c20231114$gRICA 850 $aUNISOB 852 $aUNISOB$j340$m115588 912 $aSOB021228 940 $aM 102 Monografia moderna SBN 941 $aM 957 $a340$b004353$gSI$d115588$rACQUISTO$1rovito$2UNISOB$3UNISOB$420231114094000.0$520231114094013.0$6rovito 996 $aProcedimenti amministrativi di valutazione comparativa concorrenziale$91677104 997 $aUNISOB LEADER 01202nam 2200373 450 001 996280658103316 005 20231206213935.0 010 $a1-5044-0231-6 024 70$a10.1109/IEEESTD.1965.7387658 035 $a(CKB)3710000000575716 035 $a(NjHacI)993710000000575716 035 $a(EXLCZ)993710000000575716 100 $a20231206d1965 uy 0 101 0 $aeng 135 $aur||||||||||| 181 $ctxt$2rdacontent 182 $cc$2rdamedia 183 $acr$2rdacarrier 200 10$aIEEE Number 261-1965 $eIEEE Letter Symbols for Thermoelectric Devices /$fIEEE 210 1$aPiscataway, NJ :$cIEEE,$d1965. 215 $a1 online resource (4 pages) 330 $aThis document presents standard letter symbols for quantities used in the field of thermoelectric devices. 517 $aIEEE No 261-1965 606 $aThermoelectric apparatus and appliances 606 $aElectronics$xNotation 615 0$aThermoelectric apparatus and appliances. 615 0$aElectronics$xNotation. 676 $a621.31243 801 0$bNjHacI 801 1$bNjHacl 906 $aDOCUMENT 912 $a996280658103316 996 $aIEEE Number 261-1965$93646610 997 $aUNISA